Ekvitermická regulácia teploty vykurovacej sústavy
Salvato in:
| Autore principale: | |
|---|---|
| Altri autori: | |
| Natura: | Manoscritto Libro |
| Lingua: | slovacco |
| Pubblicazione: |
2015
|
| Soggetti: | |
| Accesso online: | http://is.stuba.sk/zp/portal_zp.pl?podrobnosti=88573 |
| Tags: |
Nessun Tag, puoi essere il primo ad aggiungerne!!
|
MARC
| LEADER | 00000ntm a22000003a 4500 | ||
|---|---|---|---|
| 001 | stuzp49390 | ||
| 003 | SK-STU | ||
| 005 | 20160719153247.9 | ||
| 007 | ta | ||
| 008 | 150427s2015----xo-----f-mn---000-0-slo-d | ||
| 040 | |a STU |b slo | ||
| 041 | 0 | |a slo | |
| 100 | 1 | |a Csámpai, Csaba |u 035000 |4 aut |U FEI Fakulta elektrotechniky a informatiky |T FEI Ústav informatiky a matematiky |X 8729 |U E050 |Y 816 |7 8729 | |
| 242 | 0 | 1 | |a Weather compensation temperature of the heating system |y eng |
| 245 | 1 | 0 | |a Ekvitermická regulácia teploty vykurovacej sústavy |
| 260 | |c 2015 | ||
| 300 | |a 27 s. |b CD-ROM | ||
| 650 | 4 | |a Vykurovacia sústava |2 slo | |
| 650 | 4 | |a Model miestnosti |2 slo | |
| 650 | 4 | |a Ekvitermická regulácia |2 slo | |
| 650 | 4 | |a Matlab Simulink |2 slo | |
| 650 | 4 | |a Matlab Simulink |2 eng | |
| 650 | 4 | |a Heating system |2 eng | |
| 650 | 4 | |a Model room |2 eng | |
| 650 | 4 | |a Weather compensation |2 eng | |
| 700 | 1 | |a Drahoš, Peter |4 ths |X 3709 |7 A000003709 | |
| 856 | 4 | |u http://is.stuba.sk/zp/portal_zp.pl?podrobnosti=88573 | |
| 996 | |b 284ER01673 |c E*Bc- 1673 |l EE31 |s P |a 0 |w stuzp49390_0001 | ||
| SQL | |a stuzp49390 |b DBP |c SLO |d Ekvitermická regulácia teploty vykurovacej sústavy |e 8729 |f Csámpai, Csaba |g 035000 |h 3709 |i Drahoš, Peter |j 20150706 |k 73 |l 03 |m http://is.stuba.sk/zp/portal_zp.pl?podrobnosti=88573 |n B-API |o 9.2.9. aplikovaná informatika | ||